000 00807nam a2200205Ii 4500
003 JO-AjNU
008 230605s9999||||xx |||||||||||||| ||und||
040 _aJO-AjNU
_bara
_erda
_cJO-AjNU
041 _aara
050 1 4 _aBP166.72.I266 2001
100 3 _aتصنيف الجوزية، ابن القيم؛ تحقيق وتعليق علي بن حسن بن على الحلبي الاثري,
_eauthor
_962094
245 0 0 _aالداء والدواء
250 _aط5
264 3 1 _aالسعودية: دار ابن الجوزي للنشر والتوزيع، 2001
300 _a395ص
336 _atext
_btxt
_2rdacontent
337 _aunmediated
_bn
_2rdamedia
338 _avolume
_bnc
_2rdacarrier
650 4 _aالوعظ والارشاد-الدعوة الاسلامية-الحسنات والسيئات
_962095
999 _aA28100
_c31668
_d31668